| 000 | 00770nam a22002177a 4500 | ||
|---|---|---|---|
| 999 |
_c12583 _d12583 |
||
| 003 | AR-CdUCM | ||
| 008 | 190409b ||||| |||| 00| 0 spa d | ||
| 040 |
_aMUNICIPALIDAD PROVINCIAL DEL CUSCO _cBIBLIOTECA MUNICIPAL DEL CUSCO |
||
| 082 |
_aC / 869.504 / _bM12 |
||
| 100 |
_aMacedo Pérez, Vilma _930477 |
||
| 245 | _aAntología del pensamiento literario y social del Cusco / | ||
| 260 |
_aCusco : _bGarcilaso, _c1980. |
||
| 300 |
_a194 páginas ; _c21 cm. |
||
| 440 |
_aAño del bicentenario de la revolución de Tupac Amaru ; _930478 |
||
| 505 | _aContenido: Historia de la literatura cusqueña. | ||
| 650 |
_aEnsayos peruanos _9233 |
||
| 650 |
_aEnsayos políticos - sociales _930479 |
||
| 650 |
_aCusco _9772 |
||
| 942 |
_2ddc _cLIBROS |
||
| 945 |
_aacv _d2019-04-09 |
||